Revista Ius Verum

Detalles Bibliográficos
Formato: eBook
Lenguaje:español
Publicado: Lima: Asociacin̤ de estudiantes y egresados de la carrera de derecho de la Universidad Cientf̕ica del Sur, 2021
Materias:
Acceso en línea:Acceso restringido

MARC

LEADER 00000nam a22000007a 4500
005 20221101003524.0
007 cr|||| ||||
008 221101c20219999pe fr|w s|||| 0|||b1spa d
035 |a 37209 
040 |a vLex 
090 |c 14076  |d 14076 
245 0 0 |a Revista Ius Verum  |h [Recurso electrn̤ico] / 
256 |a Servicio en ln̕ea 
260 |a Lima:  |b Asociacin̤ de estudiantes y egresados de la carrera de derecho de la Universidad Cientf̕ica del Sur,  |c 2021 
300 |a 1 recurso electrn̤ico 
310 |a Semestral 
500 |a La Asociacin̤ Estudiantil de la carrera de Derecho de la Universidad Cientf̕ica del Sur, tiene el agrado de presentar y compartir con toda la comunidad jurd̕ica la primera edicin̤ de su Revista ±Edicin̤ Bicentenario 2021», la cual posee un diverso contenido que abarca distintas ramas del Derecho que son necesarias abordar actualmente. El presente volumen engloba el esfuerzo conjunto del Consejo Directivo de Ius Verum, de cada especialista que comparti ̤con nosotros sus saberes y de todo aquel que se sum ̤a este proyecto, el cual siempre tendr ̀el fin de realizar una positiva contribucin̤ acadm̌ica, ampliar conocimientos jurd̕icos e impulsar la reflexin̤ y cuestionamiento a los lectores. Ius Verum, a pesar del contexto actual, tiene presente que el cambio es siempre el resultado final de todo verdadero aprendizaje y que el Derecho nunca se paraliza. Por el contrario, este continuar ̀evolucionando y desarrollǹdose an︢ ms̀ con el pasar del tiempo, pues la Ley es la n︢ica que cura las grietas de la sociedad. 
506 1 |a Disponible solo en los productos indicados  |d vLex Global  |d vLex Global (Academic Edition, excluding Law Schools)  |d vLex Global (U.S. Academic Edition, Law Schools)  |d vLex Global (U.S. Academic Edition, excluding Law Schools)  |d vLex Global (Academic Edition, Law Schools) 
650 0 4 |a Derecho Civil  |z Per︢ 
650 0 4 |a Derecho Laboral y Seguridad Social  |z Per︢ 
740 0 |a vLex Revistas (Servicio en ln̕ea) 
856 4 0 |u https://app.vlex.com/#/sources/37209  |z Acceso restringido 
942 |c REV 
999 0 |a Civil Law 
999 0 |a Labor Law and Social Security